| 000 | 00490cam a22001932a 4500 | ||
|---|---|---|---|
| 001 | 023764 | ||
| 003 | AR-FADEU | ||
| 008 | 311216n1965####xxu####################dd | ||
| 092 |
_a512.2 _bA374 _eBDT |
||
| 100 | _aAlexandroff, P. S. | ||
| 245 | _aIntroducción a la teorÃa de los grupos | ||
| 260 | _aBuenos Aires | ||
| 260 | _bEUDEBA | ||
| 260 | _c1965 | ||
| 300 | _a152 p | ||
| 440 |
_aCuadernos de eudeba _n132 |
||
| 650 | _aTEORIA DE LOS GRUPOS-MATEMATICAS/BDT/ | ||
| 942 | _cBDT | ||
| 999 |
_c29454 _d29454 |
||